Countries Mohammad Khatami has visited - Statistics

General Stats
  • This quiz has been taken 31 times
  • The average score is 11 of 18
Answer Stats
Continent Country % Correct
Asia/ Europe Russia
94%
Europe France
88%
North America United States of America
88%
Asia India
82%
South America Venezuela
76%
Europe Italy
71%
Asia Pakistan
71%
Europe Switzerland
59%
Asia Uzbekistan
59%
Europe Vatican City
59%
Europe Austria
53%
Africa South Africa
53%
Asia Turkmenistan
53%
Asia Turkey
47%
Asia Kazakhstan
41%
Asia Qatar
41%
Asia Tajikistan
41%
Asia Malaysia
29%
No matching quizzes found
Score Distribution
Percent of People with Each Score
Percentile by Number Answered
Your Score History
You have not taken this quiz